000 00349 a2200145 4500
260 _bPresses médicales européennes
245 _aSanté et médecines naturelles: le thermalisme
100 _aGautrelet, M.
260 _c1976
300 _a415 p.
035 _a9542
999 _c18675
_d18675